000 00761nam a2200205 i 4500
005 20260120105511.0
008 250721s2005 jo gr 000 0 ara d
082 1 4 _a323.6
_bج ا ر
100 1 _aالزعبي، مخلد إبراهيم
_eمؤلف.
245 1 0 _aحقوق المواطن (765) :
_cالرائد مخلد ابراهيم الزعبي.
_bسؤالا وجوابا /
250 _aالطبعة الأولى.
264 3 1 _aعمان :
_bدار الثقافة للنشر و التوزيع،
_c2005.
300 _a550 صفحه.
650 1 7 _aالمواطنة.
650 1 7 _aالحقوق السياسية والمدنية.
650 1 7 _aالقانون.
650 1 7 _aالدستور.
942 _2ddc
_cBK
999 _c92970
_d92970